[Event "UK Armed Services Championship"]
[Site "Wittering"]
[Date "2024.04.08"]
[Round "7.9"]
[White "Brocklehurst, John"]
[Black "Kelly, Richard"]
[Result "1-0"]
[WhiteElo "1500"]
[BlackElo "1813"]
[PlyCount "57"]
[EventDate "2024.04.05"]
[EventType "swiss"]
[EventRounds "7"]
[EventCountry "ENG"]
[SourceTitle "BritBase"]
[Source "John Saunders"]
[SourceDate "2024.05.09"]
[SourceVersion "1"]
[SourceVersionDate "2024.04.06"]
[SourceQuality "1"]

1. e4 e6 2. b3 d5 3. Bb2 dxe4 4. Nc3 Nf6 5. Qe2 Nbd7 6. O-O-O Be7 7. g4 O-O 8.
g5 Nd5 9. h4 b6 10. Nxe4 Bb7 11. Nh3 Nb4 12. Kb1 e5 13. Rg1 Nc6 14. f4 Nd4 15.
Qg2 Nc5 16. Nhf2 exf4 17. d3 Nf5 18. Ng4 Bxe4 19. Qf2 Ne6 20. Bh3 Ne3 21. Nxe3
fxe3 22. Qxe3 Bg6 23. Bxe6 fxe6 24. Qxe6+ Kh8 25. Rde1 Bd6 26. h5 Bxh5 27. Qh3
Bf7 28. g6 Bf4 29. Qxh7# 1-0

[Event "UK Armed Services Championship"]
[Site "Wittering"]
[Date "2024.04.08"]
[Round "7.10"]
[White "Simpson, Jack"]
[Black "Rossetti, Oliver"]
[Result "1/2-1/2"]
[WhiteElo "1538"]
[BlackElo "1762"]
[Annotator "Part 1"]
[PlyCount "91"]
[EventDate "2024.04.05"]
[EventType "swiss"]
[EventRounds "7"]
[EventCountry "ENG"]
[SourceTitle "BritBase"]
[Source "John Saunders"]
[SourceDate "2024.05.09"]
[SourceVersion "1"]
[SourceVersionDate "2024.04.06"]
[SourceQuality "1"]

1. e4 Nf6 2. Nc3 d6 3. d4 g6 4. Nf3 Bg7 5. h3 c6 6. Be3 O-O 7. e5 dxe5 8. dxe5
Nfd7 9. g4 Nxe5 10. Nxe5 Bxe5 11. Qxd8 Rxd8 12. Bd3 b5 13. f4 Bg7 14. O-O-O b4
15. Ne2 Ba6 16. Bxa6 Nxa6 17. Rxd8+ Rxd8 18. Rd1 Rxd1+ 19. Kxd1 Bxb2 20. Bd4
Bxd4 21. Nxd4 Nb8 22. Kd2 c5 23. Nf3 Kg7 24. Kd3 h5 25. g5 f6 26. h4 Nd7 27.
Kc4 e6 28. Kb5 e5 29. fxe5 fxe5 30. Kc6 e4 31. Ne1 Ne5+ 32. Kxc5 Nf3 33. Ng2 e3
34. Nxe3 Nxh4 35. Kxb4 Nf5 36. Ng2 Kf7 37. c4 Ke7 38. a4 h4 39. Nf4 Kd7 40. c5
Kc7 41. Kb5 Nd4+ 42. Ka6 Kc6 43. Kxa7 Kxc5 44. Nxg6 h3 45. Nf4 h2 46. Nd3+ {
Both score sheets say the next moves were 46....Kb4, 47.Nf2.} 1/2-1/2

[Event "UK Armed Services Championship"]
[Site "Wittering"]
[Date "2024.04.08"]
[Round "7.11"]
[White "Pun Magar, Bijay"]
[Black "Driscoll, Mark"]
[Result "0-1"]
[WhiteElo "1532"]
[BlackElo "1720"]
[PlyCount "104"]
[EventDate "2024.04.05"]
[EventType "swiss"]
[EventRounds "7"]
[EventCountry "ENG"]
[SourceTitle "BritBase"]
[Source "John Saunders"]
[SourceDate "2024.05.09"]
[SourceVersion "1"]
[SourceVersionDate "2024.04.06"]
[SourceQuality "1"]

1. e4 c5 2. Nf3 d6 3. Bc4 Nf6 4. d3 a6 5. Bg5 e6 6. O-O b5 7. Bb3 Nc6 8. a4 b4
9. Re1 Be7 10. e5 dxe5 11. Nxe5 Nxe5 12. Rxe5 Qd4 13. Re3 Qxb2 14. Nd2 O-O 15.
Rb1 Qd4 16. Nf3 Qg4 17. h3 Qh5 18. Re5 Nd7 19. Bxe7 Nxe5 20. Nxe5 Qxe5 21. Bxf8
Kxf8 22. Qf3 Rb8 23. Rd1 Bb7 24. Qg4 Rd8 25. Qh4 Rd4 26. Qxh7 Qg5 27. g3 Qf6
28. f4 g6 29. Re1 Bd5 30. Bxd5 Rxd5 31. Qh6+ Kg8 32. Re5 Rxe5 33. fxe5 Qxe5 34.
Qf4 Qxf4 35. gxf4 Kg7 36. Kf2 Kf6 37. Kf3 Kf5 38. h4 a5 39. Kg3 e5 40. fxe5
Kxe5 41. Kf3 Kd4 42. Ke2 Kc3 43. Kd1 f5 44. Kc1 f4 45. d4 Kxd4 46. Kd2 f3 47.
Kd1 Kc3 48. h5 gxh5 49. Kc1 f2 50. Kb1 f1=Q+ 51. Ka2 b3+ 52. cxb3 Qf2+ 0-1

[Event "UK Armed Services Championship"]
[Site "Wittering"]
[Date "2024.04.08"]
[Round "7.12"]
[White "Knight, Christopher J"]
[Black "Bray, Justin"]
[Result "1-0"]
[WhiteElo "1669"]
[BlackElo "1200"]
[PlyCount "81"]
[EventDate "2024.04.05"]
[EventType "swiss"]
[EventRounds "7"]
[EventCountry "ENG"]
[SourceTitle "BritBase"]
[Source "John Saunders"]
[SourceDate "2024.05.09"]
[SourceVersion "1"]
[SourceVersionDate "2024.04.06"]
[SourceQuality "1"]

1. e4 c6 2. Nf3 d5 3. exd5 cxd5 4. Ne5 a6 5. d4 Bf5 6. Bd3 Be4 7. O-O Nc6 8.
Nxc6 bxc6 9. Bxe4 dxe4 10. c3 f5 11. Bf4 Nf6 12. Nd2 e6 13. f3 exf3 14. Nxf3
Bd6 15. Bxd6 Qxd6 16. Ne5 O-O 17. Qe2 Ne4 18. Rad1 Rf6 19. Rd3 g5 20. Rh3 g4
21. Nxg4 Rg6 22. Ne5 Rg5 23. Rh5 Kg7 24. Rxg5+ Nxg5 25. Qh5 Qe7 26. Nf3 Nxf3+
27. Rxf3 Rg8 28. Rg3+ Kf8 29. Qh6+ Rg7 30. Rxg7 Qxg7 31. Qxg7+ Kxg7 32. Kf2 Kf7
33. Kf3 Ke7 34. Kf4 h6 35. Ke5 h5 36. h4 a5 37. a4 Kd7 38. b4 axb4 39. cxb4 f4
40. a5 Kc7 41. Kxe6 1-0

[Event "UK Armed Services Championship"]
[Site "Wittering"]
[Date "2024.04.08"]
[Round "7.13"]
[White "Collins, Nigel"]
[Black "Huyton, Paul M"]
[Result "1-0"]
[WhiteElo "1488"]
[BlackElo "1644"]
[PlyCount "61"]
[EventDate "2024.04.05"]
[EventType "swiss"]
[EventRounds "7"]
[EventCountry "ENG"]
[SourceTitle "BritBase"]
[Source "John Saunders"]
[SourceDate "2024.05.09"]
[SourceVersion "1"]
[SourceVersionDate "2024.04.06"]
[SourceQuality "1"]

1. c4 e5 2. Nc3 Nf6 3. g3 Nc6 4. Bg2 Bb4 5. Nd5 Nxd5 6. cxd5 Ne7 7. e3 d6 8.
Qa4+ Bd7 9. Qxb4 Rb8 10. Ne2 O-O 11. O-O a6 12. Nc3 Qc8 13. d4 f6 14. dxe5 fxe5
15. e4 Ng6 16. Qc4 Kh8 17. Qe2 b5 18. b4 Qe8 19. Be3 Rc8 20. Qd2 Qf7 21. f4
exf4 22. Bxf4 Nxf4 23. Rxf4 Qe7 24. Rxf8+ Rxf8 25. Rf1 Rc8 26. Qf4 Kg8 27. h3
Ra8 28. Qd2 Qe5 29. Kh2 Rc8 30. Qf4 Qxc3 31. Qf7+ 1-0

[Event "UK Armed Services Championship"]
[Site "Wittering"]
[Date "2024.04.08"]
[Round "7.14"]
[White "Tucker, David S"]
[Black "Rai, Silas"]
[Result "1-0"]
[WhiteElo "1949"]
[BlackElo "1600"]
[PlyCount "43"]
[EventDate "2024.04.05"]
[EventType "swiss"]
[EventRounds "7"]
[EventCountry "ENG"]
[SourceTitle "BritBase"]
[Source "John Saunders"]
[SourceDate "2024.05.09"]
[SourceVersion "1"]
[SourceVersionDate "2024.04.06"]
[SourceQuality "1"]

1. e4 e6 2. d4 d5 3. Nc3 Nf6 4. e5 Ng8 5. Be3 Ne7 6. f4 Nf5 7. Bf2 Be7 8. Nf3
Nd7 9. Bd3 Nh6 10. O-O Ng4 11. f5 Nxf2 12. Rxf2 exf5 13. Nxd5 Nb6 14. Nxe7 Qxe7
15. c4 g6 16. Qd2 O-O 17. Re1 Nd7 18. Rfe2 Nb8 19. Kh1 c6 20. Qh6 Re8 21. Ng5
f6 22. exf6 1-0

[Event "UK Armed Services Championship"]
[Site "Wittering"]
[Date "2024.04.08"]
[Round "7.15"]
[White "Echavarria Hidalgo, Fernando"]
[Black "Woolf, Ben"]
[Result "1-0"]
[WhiteElo "1785"]
[BlackElo "1622"]
[Annotator "kjt23"]
[PlyCount "139"]
[EventDate "2024.04.05"]
[EventType "swiss"]
[EventRounds "7"]
[EventCountry "ENG"]
[SourceTitle "BritBase"]
[Source "John Saunders"]
[SourceDate "2024.05.09"]
[SourceVersion "1"]
[SourceVersionDate "2024.04.06"]
[SourceQuality "1"]

1. e4 d5 2. exd5 Qxd5 3. Nc3 Qa5 4. d4 Nf6 5. Bd2 Bg4 6. Be2 Bxe2 7. Qxe2 Nc6
8. Nf3 O-O-O 9. Nb5 Qb6 10. Bc3 a6 11. Na3 e5 12. Nc4 Qb5 13. a4 Qd5 14. dxe5
Ne4 15. O-O Nxc3 16. bxc3 Bc5 17. Rfd1 Qe6 18. Re1 Rhe8 19. Kf1 h6 20. Nb2 g5
21. Nd3 Bf8 22. Qe3 g4 23. Nd4 Qc4 24. Nxc6 Qxc6 25. Qf4 Qxc3 26. Qxg4+ Kb8 27.
Qe2 Bg7 28. Rab1 Re6 29. Rb3 Qd4 30. Reb1 b6 31. Rb4 Qd5 32. Nf4 Qxe5 33. Nxe6
Qxe2+ 34. Kxe2 fxe6 35. a5 Bc3 36. Rh4 Rd2+ 37. Kf3 Bxa5 38. Rxh6 e5 39. c4 Rc2
40. Rh5 Bc3 41. Rh6 Bd4 42. Rf1 Rxc4 43. g4 b5 44. Rxa6 Kb7 45. Re6 b4 46. g5
b3 47. g6 b2 48. g7 e4+ 49. Rxe4 Rc3+ 50. Ke2 Bxg7 51. Rb4+ Kc8 52. Rxb2 Rh3
53. Ra2 Rxh2 54. Kf3 Be5 55. Rg1 Rh7 56. Ke4 Re7 57. Kf5 Bd4 58. Rg8+ Kb7 59.
f4 c5 60. Kg6 Re6+ 61. Kg5 Be3 62. Kf5 Rh6 63. Re2 Bd4 64. Re7+ Kb6 65. Rg6+
Rxg6 66. Kxg6 c4 67. f5 Bc5 68. f6 Kb5 69. Re5 Kb4 70. Rxc5 1-0

[Event "UK Armed Services Championship"]
[Site "Wittering"]
[Date "2024.04.08"]
[Round "7.16"]
[White "Altaykan, Metin"]
[Black "Chapman, Chas"]
[Result "0-1"]
[WhiteElo "1744"]
[BlackElo "1546"]
[PlyCount "94"]
[EventDate "2024.04.05"]
[EventType "swiss"]
[EventRounds "7"]
[EventCountry "ENG"]
[SourceTitle "BritBase"]
[Source "John Saunders"]
[SourceDate "2024.05.09"]
[SourceVersion "1"]
[SourceVersionDate "2024.04.06"]
[SourceQuality "1"]

1. d4 Nf6 2. e3 d5 3. Bd3 e6 4. Nd2 c5 5. c3 Be7 6. f4 O-O 7. Ngf3 c4 8. Bc2 b5
9. a3 Nc6 10. O-O Bd7 11. Ne5 a5 12. g4 b4 13. g5 b3 14. Bb1 Ne8 15. Qh5 g6 16.
Nxg6 fxg6 17. Bxg6 hxg6 18. Qxg6+ Ng7 19. Rf3 Qe8 20. Qh6 Nf5 21. Qh3 Qg6 22.
Qg4 Kf7 23. h4 Rh8 24. Rh3 Rh5 25. Nf3 Rah8 26. Bd2 Qh7 27. Be1 Nxe3 28. Qg3
Nc2 29. Rc1 Nxe1 30. Rxe1 Qg6 31. Rh2 Rf8 32. Rhe2 Bd6 33. Ne5+ Nxe5 34. fxe5
Be7 35. Rf1+ Ke8 36. Rxf8+ Bxf8 37. Rf2 Be7 38. Qf4 Qf5 39. Qg3 Qg6 40. Qf4 Qh7
41. Rh2 Qb1+ 42. Kg2 Qe4+ 43. Kg3 Qxf4+ 44. Kxf4 Kf7 45. Kg4 Kg6 46. Rf2 Rh8
47. Rh2 Bxg5 0-1

[Event "UK Armed Services Championship"]
[Site "Wittering"]
[Date "2024.04.08"]
[Round "7.17"]
[White "Fox, Thomas"]
[Black "Morrison, Munroe L"]
[Result "1/2-1/2"]
[WhiteElo "1500"]
[BlackElo "1701"]
[PlyCount "30"]
[EventDate "2024.04.05"]
[EventType "swiss"]
[EventRounds "7"]
[EventCountry "ENG"]
[SourceTitle "BritBase"]
[Source "John Saunders"]
[SourceDate "2024.05.09"]
[SourceVersion "1"]
[SourceVersionDate "2024.04.06"]
[SourceQuality "1"]

1. e4 d6 2. Nf3 Nf6 3. Nc3 e5 4. Bc4 Be7 5. d3 c6 6. Bg5 Nbd7 7. Qd2 O-O 8. h4
b5 9. Bb3 Nc5 10. h5 Nxb3 11. cxb3 Ng4 12. Bxe7 Qxe7 13. Qg5 Qxg5 14. Nxg5 h6
15. Nh3 f5 1/2-1/2

[Event "UK Armed Services Championship"]
[Site "Wittering"]
[Date "2024.04.08"]
[Round "7.18"]
[White "Blair, Jimmy"]
[Black "O'Byrne, Danny"]
[Result "1-0"]
[WhiteElo "1473"]
[BlackElo "1672"]
[PlyCount "119"]
[EventDate "2024.04.05"]
[EventType "swiss"]
[EventRounds "7"]
[EventCountry "ENG"]
[SourceTitle "BritBase"]
[Source "John Saunders"]
[SourceDate "2024.05.09"]
[SourceVersion "1"]
[SourceVersionDate "2024.04.06"]
[SourceQuality "1"]

1. e4 e5 2. Nf3 Nc6 3. Bc4 Bc5 4. O-O Nf6 5. d3 O-O 6. Bg5 d6 7. c3 Na5 8. Nbd2
Nxc4 9. dxc4 Bg4 10. h3 Bh5 11. g4 Bg6 12. b4 Bb6 13. a4 a5 14. b5 Qd7 15. Bxf6
gxf6 16. Nh4 Kg7 17. Nf5+ Bxf5 18. gxf5 Kh8 19. Qh5 Rg8+ 20. Kh2 Rg5 21. Qh6
Qe7 22. Nf3 Rg7 23. Qh4 Rag8 24. Rg1 Rxg1 25. Nxg1 c6 26. Nf3 Bd8 27. Rg1 Rxg1
28. Nxg1 d5 29. bxc6 bxc6 30. Ne2 dxc4 31. Ng3 Qf8 32. Qg4 Bb6 33. Nh5 Qh6 34.
Kg3 Qg5 35. Qxg5 fxg5 36. Kf3 Bc5 37. Ng3 Ba3 38. Ne2 Kg7 39. Kg4 f6 40. Kh5
Bc5 41. f3 Be3 42. Kg4 Bf2 43. Kh5 c5 44. Kg4 Kh6 45. Nc1 Be1 46. Ne2 Bd2 47.
h4 Be1 48. hxg5+ fxg5 49. f6 Bd2 50. Kf5 Bf4 51. Nxf4 exf4 52. f7 Kg7 53. f8=Q+
Kxf8 54. Kxg5 Kg7 55. Kxf4 Kf6 56. e5+ Ke6 57. Ke4 h5 58. f4 h4 59. f5+ Ke7 60.
Kf3 1-0

[Event "UK Armed Services Championship"]
[Site "Wittering"]
[Date "2024.04.08"]
[Round "7.19"]
[White "Goodman, Paul"]
[Black "Brewer, Sam"]
[Result "1-0"]
[WhiteElo "1640"]
[BlackElo "1397"]
[PlyCount "93"]
[EventDate "2024.04.05"]
[EventType "swiss"]
[EventRounds "7"]
[EventCountry "ENG"]
[SourceTitle "BritBase"]
[Source "John Saunders"]
[SourceDate "2024.05.09"]
[SourceVersion "1"]
[SourceVersionDate "2024.04.06"]
[SourceQuality "1"]

1. d4 Nf6 2. c4 d6 3. Nc3 g6 4. g3 Bg7 5. Bg2 Nbd7 6. e3 O-O 7. Nge2 Re8 8. O-O
e5 9. Qc2 exd4 10. Nxd4 Ne5 11. b3 c6 12. Bb2 d5 13. Rad1 Be6 14. Nde2 Re7 15.
cxd5 cxd5 16. Nb5 Nc6 17. Ba3 Rd7 18. Nf4 a6 19. Nd4 Nxd4 20. exd4 Rc8 21. Nxe6
fxe6 22. Qe2 Rc6 23. Bh3 Qe8 24. Rfe1 Kf7 25. Qf3 Qc8 26. Re3 Bh6 27. Re5 Rd8
28. Rde1 Re8 29. Rxd5 exd5 30. Bxc8 Rxe1+ 31. Kg2 Rxc8 32. Bc5 Rce8 33. Qc3
R1e2 34. Ba3 Be3 35. Qc7+ Kg8 36. Be7 Rxf2+ 37. Kh3 g5 38. Bxf6 Rxf6 39. Qxb7
g4+ 40. Kxg4 Re4+ 41. Kh3 Ree6 42. Qxd5 Kg7 43. Qd7+ Kg6 44. d5 Rd6 45. Qe8+
Kf5 46. Qxe3 Rxd5 47. g4+ 1-0

[Event "UK Armed Services Championship"]
[Site "Wittering"]
[Date "2024.04.08"]
[Round "7.20"]
[White "Knipe, Matthew"]
[Black "Rai, Rajip"]
[Result "1-0"]
[WhiteElo "1639"]
[BlackElo "1300"]
[PlyCount "75"]
[EventDate "2024.04.05"]
[EventType "swiss"]
[EventRounds "7"]
[EventCountry "ENG"]
[SourceTitle "BritBase"]
[Source "John Saunders"]
[SourceDate "2024.05.09"]
[SourceVersion "1"]
[SourceVersionDate "2024.04.06"]
[SourceQuality "1"]

1. e4 c6 2. d4 d5 3. e5 Bf5 4. h4 e6 5. g4 Qa5+ 6. Bd2 Qb6 7. gxf5 Qxd4 8. Ne2
Qe4 9. Rh3 Qxf5 10. Bc3 Nh6 11. Ng3 Qf4 12. Qd2 Qxd2+ 13. Nxd2 Bc5 14. b3 Nd7
15. Be2 Nf8 16. h5 Ba3 17. Nf3 Bc5 18. Bd4 Bb4+ 19. c3 Ba3 20. Nd2 a5 21. c4
Rd8 22. Bb6 Rd7 23. Bxa5 Bc5 24. Rd1 Ng4 25. Bxg4 Bd4 26. Nf3 Ba7 27. Nd2 dxc4
28. Nxc4 Bxf2+ 29. Ke2 Rxd1 30. Kxd1 Bc5 31. Ne4 Be7 32. Ncd6+ Bxd6 33. Nxd6+
Ke7 34. Bb4 Nd7 35. Nxb7+ c5 36. Bxc5+ Nxc5 37. Nxc5 Rd8+ 38. Rd3 1-0

[Event "UK Armed Services Championship"]
[Site "Wittering"]
[Date "2024.04.08"]
[Round "7.21"]
[White "Rai, Rabindra"]
[Black "Chwieseni, Edward I"]
[Result "0-1"]
[WhiteElo "1462"]
[BlackElo "1788"]
[PlyCount "68"]
[EventDate "2024.04.05"]
[EventType "swiss"]
[EventRounds "7"]
[EventCountry "ENG"]
[SourceTitle "BritBase"]
[Source "John Saunders"]
[SourceDate "2024.05.09"]
[SourceVersion "1"]
[SourceVersionDate "2024.04.06"]
[SourceQuality "1"]

1. e4 d5 2. Nc3 dxe4 3. Nxe4 Bf5 4. Ng5 e6 5. d3 Nc6 6. N1f3 h6 7. Ne4 Bxe4 8.
Be2 Bxf3 9. Bxf3 Bc5 10. O-O Nf6 11. c3 O-O 12. d4 Bb6 13. Be3 Rb8 14. Qd2 Nd5
15. Rae1 Nxe3 16. fxe3 Ne7 17. Bg4 c5 18. Rf3 cxd4 19. exd4 Qd5 20. Re5 Qxe5
21. Rh3 Qg5 22. Qe2 Ng6 23. Rh5 Qc1+ 24. Kf2 Nf4 25. Qe4 Nxh5 26. Bxh5 Qxb2+
27. Kf1 Qc1+ 28. Kf2 Qxc3 29. Kf1 Qxd4 30. Qf3 Rbc8 31. g3 Qg1+ 32. Ke2 Rc2+
33. Kd3 Rxa2 34. Ke4 Qd4# 0-1

[Event "UK Armed Services Championship"]
[Site "Wittering"]
[Date "2024.04.08"]
[Round "7.23"]
[White "Opaleye, Toluwaniyi"]
[Black "Hill, Thomas"]
[Result "0-1"]
[WhiteElo "1395"]
[BlackElo "1675"]
[PlyCount "100"]
[EventDate "2024.04.05"]
[EventType "swiss"]
[EventRounds "7"]
[EventCountry "ENG"]
[SourceTitle "BritBase"]
[Source "John Saunders"]
[SourceDate "2024.05.09"]
[SourceVersion "1"]
[SourceVersionDate "2024.04.06"]
[SourceQuality "1"]

1. e4 e5 2. Nf3 Nf6 3. Nc3 Bc5 4. h3 d5 5. d3 dxe4 6. Nxe4 Nxe4 7. dxe4 Qxd1+
8. Kxd1 Nc6 9. Be3 Bxe3 10. fxe3 O-O 11. Kd2 Be6 12. b3 Rad8+ 13. Bd3 h6 14.
Rad1 Rd6 15. Kc1 Rfd8 16. Rd2 f6 17. Rhd1 a5 18. a3 Na7 19. Ng1 Rc6 20. c4 b5
21. Rc2 bxc4 22. bxc4 Rb6 23. Ne2 Rb3 24. Rc3 Rdb8 25. Kd2 Rb2+ 26. Ke1 R8b3
27. Rdc1 a4 28. g4 Ra2 29. Bc2 Rxc3 30. Nxc3 Rxa3 31. Nxa4 Rxe3+ 32. Kd2 Rxh3
33. Bd1 Rh2+ 34. Ke1 Rh4 35. Nc5 Bxg4 36. Bxg4 Rxg4 37. Kd2 Nc6 38. Ne6 Nd4 39.
Nxd4 exd4 40. Kd3 c5 41. Rb1 h5 42. Rb8+ Kh7 43. Rd8 h4 44. Rd5 g5 45. Rxc5 h3
46. Rc7+ Kg6 47. c5 h2 48. c6 h1=Q 49. Rb7 Qxe4+ 50. Kc4 Qxc6+ 0-1

[Event "UK Armed Services Championship"]
[Site "Wittering"]
[Date "2024.04.08"]
[Round "7.26"]
[White "Bridge, Michael"]
[Black "Taylor, Ross"]
[Result "1-0"]
[WhiteElo "1376"]
[BlackElo "1476"]
[PlyCount "123"]
[EventDate "2024.04.05"]
[EventType "swiss"]
[EventRounds "7"]
[EventCountry "ENG"]
[SourceTitle "BritBase"]
[Source "John Saunders"]
[SourceDate "2024.05.09"]
[SourceVersion "1"]
[SourceVersionDate "2024.04.06"]
[SourceQuality "1"]

1. e4 e5 2. Nf3 Nc6 3. Nc3 Nf6 4. Bb5 Bc5 5. Bxc6 dxc6 6. Nxe5 Qd4 7. Nd3 Be6
8. Nxc5 Qxc5 9. d3 O-O-O 10. Be3 Qb4 11. Qc1 Ng4 12. a3 Qe7 13. Bg5 f6 14. Bf4
h5 15. f3 Nh6 16. Qe3 g5 17. Bg3 h4 18. Bf2 b6 19. O-O-O f5 20. exf5 Nxf5 21.
Qe4 Nd6 22. Qxc6 Nb7 23. Rhe1 Rd6 24. Qa4 a5 25. Qe4 Qf6 26. Nb5 Bd7 27. Nxd6+
Qxd6 28. Qe5 Qh6 29. Re4 Re8 30. Qc3 Bc6 31. Rxe8+ Bxe8 32. Qe5 Nd6 33. Re1 Bd7
34. Be3 Nf7 35. Qd5 Be6 36. Qa8+ Kd7 37. Qe4 Nd6 38. Bxg5 Qxg5+ 39. Qe3 Qf6 40.
g4 hxg3 41. hxg3 Nf5 42. Qf4 Qg7 43. g4 Nh4 44. Rg1 Ng6 45. Qg5 Qf7 46. Rf1 Nf4
47. Qe5 Nd5 48. g5 Qh5 49. Re1 Qf7 50. c4 Qf4+ 51. Qxf4 Nxf4 52. Kd2 c6 53. Re4
Nh3 54. f4 Bf7 55. Ke3 Bg6 56. Re5 Kd6 57. d4 Bf7 58. c5+ bxc5 59. Rxc5 Bd5 60.
g6 Ng1 61. Rxd5+ cxd5 62. g7 1-0

[Event "UK Armed Services Championship"]
[Site "Wittering"]
[Date "2024.04.08"]
[Round "7.27"]
[White "Crossley, Sam"]
[Black "Eades, Laurence"]
[Result "1-0"]
[WhiteElo "1472"]
[BlackElo "1409"]
[PlyCount "29"]
[EventDate "2024.04.05"]
[EventType "swiss"]
[EventRounds "7"]
[EventCountry "ENG"]
[SourceTitle "BritBase"]
[Source "John Saunders"]
[SourceDate "2024.05.09"]
[SourceVersion "1"]
[SourceVersionDate "2024.04.06"]
[SourceQuality "1"]

1. e4 d5 2. d3 dxe4 3. dxe4 Qxd1+ 4. Kxd1 Nf6 5. Nc3 Bg4+ 6. f3 Bh5 7. Bc4 e6
8. e5 Nd5 9. Bxd5 exd5 10. Nxd5 Kd7 11. Ne2 Nc6 12. Bf4 Rd8 13. Bg5 Be7 14.
Nxe7 Nxe7 15. Ke1 1-0

[Event "UK Armed Services Championship"]
[Site "Wittering"]
[Date "2024.04.08"]
[Round "7.28"]
[White "Ahmad, Hasan"]
[Black "Brown, William"]
[Result "1-0"]
[WhiteElo "1098"]
[BlackElo "1450"]
[PlyCount "85"]
[EventDate "2024.04.05"]
[EventType "swiss"]
[EventRounds "7"]
[EventCountry "ENG"]
[SourceTitle "BritBase"]
[Source "John Saunders"]
[SourceDate "2024.05.09"]
[SourceVersion "1"]
[SourceVersionDate "2024.04.06"]
[SourceQuality "1"]

1. e4 c5 2. Nf3 Nc6 3. d4 cxd4 4. Nxd4 e6 5. Nc3 Be7 6. Be3 Nf6 7. Qd2 Bb4 8.
Bd3 a6 9. f3 e5 10. Nf5 O-O 11. a3 Ba5 12. Bh6 Bxc3 13. bxc3 g6 14. Bxf8 Qxf8
15. Ne3 b5 16. Nd5 Nxd5 17. exd5 Ne7 18. c4 Bb7 19. O-O bxc4 20. Bxc4 d6 21.
Rab1 Qc8 22. Bb3 Qc5+ 23. Kh1 Bxd5 24. Qb4 Rc8 25. Rfd1 Qxb4 26. axb4 Bxb3 27.
cxb3 d5 28. Ra1 Rc6 29. Kg1 f6 30. Rdc1 Rd6 31. Rc7 Kf7 32. Ra7 Rb6 33. R1xa6
Rxb4 34. Ra3 Ke6 35. R7a4 Rb7 36. b4 Kd6 37. Ra6+ Nc6 38. Rb3 Rb5 39. Rc3 d4
40. Rcxc6+ Kd5 41. Rc5+ Rxc5 42. bxc5 Kxc5 43. Rxf6 1-0

[Event "UK Armed Services Championship"]
[Site "Wittering"]
[Date "2024.04.08"]
[Round "7.29"]
[White "Searle, Tristan"]
[Black "Jennings, Jim"]
[Result "1-0"]
[WhiteElo "1424"]
[BlackElo "1383"]
[PlyCount "55"]
[EventDate "2024.04.05"]
[EventType "swiss"]
[EventRounds "7"]
[EventCountry "ENG"]
[SourceTitle "BritBase"]
[Source "John Saunders"]
[SourceDate "2024.05.09"]
[SourceVersion "1"]
[SourceVersionDate "2024.04.06"]
[SourceQuality "1"]

1. e4 c5 2. c3 Nc6 3. d4 e6 4. d5 exd5 5. exd5 Ne5 6. Nf3 f6 7. Nxe5 Qe7 8. Be3
Qxe5 9. Bc4 d6 10. O-O Bf5 11. Bb5+ Ke7 12. Re1 Be4 13. f3 a6 14. Bd3 f5 15.
fxe4 f4 16. Bf2 g5 17. Nd2 Nf6 18. Nf3 h5 19. Nxe5 dxe5 20. Bxc5+ Kf7 21. Bxf8
Rhxf8 22. d6 Kg6 23. Qb3 b5 24. d7 Nxd7 25. Qe6+ Nf6 26. Qxe5 Ng4 27. Qe6+ Rf6
28. e5+ 1-0

[Event "UK Armed Services Championship"]
[Site "Wittering"]
[Date "2024.04.08"]
[Round "7.30"]
[White "Lock, Benedict"]
[Black "Sherpa, Angtshiring"]
[Result "0-1"]
[WhiteElo "1545"]
[BlackElo "1000"]
[PlyCount "27"]
[EventDate "2024.04.05"]
[EventType "swiss"]
[EventRounds "7"]
[EventCountry "ENG"]
[SourceTitle "BritBase"]
[Source "John Saunders"]
[SourceDate "2024.05.09"]
[SourceVersion "1"]
[SourceVersionDate "2024.04.06"]
[SourceQuality "1"]

1. c4 e5 2. e4 Bc5 3. Nf3 Qf6 4. g3 Nh6 5. Bh3 O-O 6. d3 Qb6 7. O-O Nc6 8. Bxh6
gxh6 9. Qd2 Nd4 10. Nxe5 Qf6 11. Qe3 d6 12. Qf4 Ne2+ 13. Kg2 Nxf4+ 14. gxf4 0-1

[Event "UK Armed Services Championship"]
[Site "Wittering"]
[Date "2024.04.08"]
[Round "7.32"]
[White "Finn, Matthew"]
[Black "Pitchers, Michael"]
[Result "1/2-1/2"]
[WhiteElo "1200"]
[BlackElo "1528"]
[PlyCount "90"]
[EventDate "2024.04.05"]
[EventType "swiss"]
[EventRounds "7"]
[EventCountry "ENG"]
[SourceTitle "BritBase"]
[Source "John Saunders"]
[SourceDate "2024.05.09"]
[SourceVersion "1"]
[SourceVersionDate "2024.04.06"]
[SourceQuality "1"]

1. e4 d6 2. d4 Nf6 3. Nc3 g6 4. Nf3 Bg7 5. Be3 O-O 6. h3 Nbd7 7. Bd3 e5 8. d5
c6 9. O-O cxd5 10. Nxd5 Nxd5 11. exd5 Re8 12. Bb5 a6 13. Ba4 b5 14. Bb3 Bb7 15.
a4 Nb6 16. a5 Nc4 17. Bxc4 bxc4 18. c3 Qd7 19. b4 Qb5 20. Qd2 Qxd5 21. Qxd5
Bxd5 22. Nh2 Bb7 23. Rfd1 Rad8 24. Bb6 Rd7 25. Bc5 d5 26. Re1 e4 27. Bd4 Bxd4
28. cxd4 Rc7 29. Rac1 c3 30. Nf1 Rc4 31. Ne3 Rxd4 32. Rxc3 Rxb4 33. Rc7 Kf8 34.
Rd1 Rb5 35. Rd7 Bc6 36. Rd6 Re6 37. Rxe6 fxe6 38. Rc1 Bd7 39. Ra1 Ke7 40. g4
Kf6 41. h4 g5 42. h5 h6 43. Kg2 Ke5 44. Ra3 Kf4 45. Kh3 Ke5 1/2-1/2

[Event "UK Armed Services Championship"]
[Site "Wittering"]
[Date "2024.04.08"]
[Round "7.33"]
[White "Mulholland, Richard"]
[Black "Bradley, Eric"]
[Result "0-1"]
[WhiteElo "1000"]
[BlackElo "1317"]
[PlyCount "44"]
[EventDate "2024.04.05"]
[EventType "swiss"]
[EventRounds "7"]
[EventCountry "ENG"]
[SourceTitle "BritBase"]
[Source "John Saunders"]
[SourceDate "2024.05.09"]
[SourceVersion "1"]
[SourceVersionDate "2024.04.06"]
[SourceQuality "1"]

1. e4 d6 2. d4 Nd7 3. Nc3 Ngf6 4. d5 e5 5. dxe6 fxe6 6. Bc4 e5 7. Bg5 h6 8.
Bxf6 Nxf6 9. h3 b6 10. Nd5 Bb7 11. Nxf6+ Qxf6 12. Qh5+ g6 13. Qf3 Bg7 14. Bb5+
c6 15. Be2 O-O 16. O-O-O Qe6 17. Qb3 Qxb3 18. cxb3 d5 19. Bf3 d4 20. Ne2 Ba6
21. Nxd4 exd4 22. Rxd4 Bxd4 0-1